Trading secrets : (Record no. 14223)

000 -LEADER
fixed length control field 01626cam a2200325 a 4500
001 - CONTROL NUMBER
control field 17768129
005 - DATE AND TIME OF LATEST TRANSACTION
control field 20170105102850.0
008 - FIXED-LENGTH DATA ELEMENTS--GENERAL INFORMATION
fixed length control field 130607s2013 enk b 001 0 eng d
010 ## - LIBRARY OF CONGRESS CONTROL NUMBER
LC control number 2012277434
015 ## - NATIONAL BIBLIOGRAPHY NUMBER
National bibliography number GBB265492
Source bnb
016 7# - NATIONAL BIBLIOGRAPHIC AGENCY CONTROL NUMBER
Record control number 016118482
Source Uk
020 ## - INTERNATIONAL STANDARD BOOK NUMBER
International Standard Book Number 9781848858435 (hbk.)
020 ## - INTERNATIONAL STANDARD BOOK NUMBER
International Standard Book Number 1848858434 (hbk.)
035 ## - SYSTEM CONTROL NUMBER
System control number (OCoLC)ocn824602710
040 ## - CATALOGING SOURCE
Original cataloging agency NLE
Language of cataloging eng
Description conventions rda
Transcribing agency NLE
Modifying agency OCLCO
-- YDXCP
-- UKMGB
-- YNK
-- CDX
-- BWX
-- WIQ
-- OUN
-- CUS
-- MUU
-- AU@
-- N15
-- NDD
-- LGG
-- OCLCQ
-- DLC
042 ## - AUTHENTICATION CODE
Authentication code lccopycat
050 00 - LIBRARY OF CONGRESS CALL NUMBER
Classification number JF1525.I6
Item number H84 2013
082 04 - DEWEY DECIMAL CLASSIFICATION NUMBER
Classification number 327.12
Edition number 23
100 1# - MAIN ENTRY--PERSONAL NAME
Personal name Huband, Mark,
Relator term author.
245 10 - TITLE STATEMENT
Title Trading secrets :
Remainder of title spies and intelligence in an age of terror /
Statement of responsibility, etc. Mark Huband.
300 ## - PHYSICAL DESCRIPTION
Extent xi, 260 pages ;
Dimensions 24 cm
504 ## - BIBLIOGRAPHY, ETC. NOTE
Bibliography, etc. note Includes bibliographical references (pages 229-249) and index.
505 0# - FORMATTED CONTENTS NOTE
Formatted contents note 1. "The craft of cheat and imposter" -- 2. The first intelligence war -- 3. Talking to terrorists -- 4. Making spies -- 5. Games without frontiers -- 6. The Osama method -- 7. The road to 9/11 -- 8. Guantanamo days -- 9. Prisoners -- 10. Know your enemy -- 11. "Hail the Chief" -- 12. Shadow wars -- Epilogue.
520 ## - SUMMARY, ETC.
Summary, etc. Drawing on previously unseen material, unpublished letters and exclusive interviews, this title explores how the role and purpose of 'intelligence' has evolved from its origins in nineteenth-century Ireland to today's fight against terrorism.
650 #0 - SUBJECT ADDED ENTRY--TOPICAL TERM
Topical term or geographic name entry element Espionage
General subdivision History.
650 #0 - SUBJECT ADDED ENTRY--TOPICAL TERM
Topical term or geographic name entry element Spies
General subdivision History.
906 ## - LOCAL DATA ELEMENT F, LDF (RLIN)
a 7
b cbc
c copycat
d 2
e ncip
f 20
g y-gencatlg
942 ## - ADDED ENTRY ELEMENTS (KOHA)
Source of classification or shelving scheme
Koha item type Book
Holdings
Withdrawn status Lost status Damaged status Not for loan Collection code Permanent Location Current Location Shelving location Date acquired Total Checkouts Full call number Barcode Date last seen Price effective from Koha item type
          Centre for International Peace & Stability (CIPS) Centre for International Peace & Stability (CIPS) General Stacks 08/02/2013   327.12 HUB 2013 CIPS0000343 08/20/2013 08/20/2013 Book
© 2023 Central Library, National University of Sciences and Technology. All Rights Reserved.